| 000 | 00797nam a2200241Ia 4500 | ||
|---|---|---|---|
| 003 | OSt | ||
| 005 | 20220926012304.0 | ||
| 006 | a|||||r|||| 00| 0 | ||
| 007 | ta | ||
| 008 | 220923b |||||||| |||| 00| 0 eng d | ||
| 020 |
_a978 0521 71603 1 _c1920.1700000000001 |
||
| 037 |
_b005/2012-13, 20/06/2012, PIONEER BOOK DISTRIBUTORS _cGeneral Book |
||
| 040 |
_aRTL _cRTL _beng |
||
| 041 |
_2eng _aeng |
||
| 082 | _aY11, P8 | ||
| 100 |
_aLancy David F _9250478 |
||
| 245 | 0 |
_aAnthropology of childhood _b Cherubs, Chattel,changelings |
|
| 260 |
_aNew York _bCambridge University Press _c2008 |
||
| 300 |
_axii,466p. _ccm. |
||
| 650 | _aSociology | ||
| 942 |
_hY11, P8 _cGB _2CC |
||
| 999 |
_c622381 _d622381 |
||